| 000 | 01271nam a2200301 a 4500 | ||
|---|---|---|---|
| 003 | CO-PeBPR | ||
| 005 | 20260429120057.0 | ||
| 008 | 260415e2024 ck a|||| n||| 00| 0 spa c | ||
| 020 | _a9789585699670 | ||
| 040 | 0 |
_aCO-PeBPR _bspa _cCO-PeBPR _erda |
|
| 041 | 0 | _hspa | |
| 082 | 0 | 4 | _a(i) M863 G982p |
| 100 | 1 |
_aRosemffet, Gusti _d1693 _eautor |
|
| 245 | 1 | 0 |
_aEl patito ¡cuac! _c/ Gusti Rosemffet |
| 250 | _aEdición especial | ||
| 264 | 1 |
_aBogotá, Colombia _b: Editorial Gato Malo _c, 2024 |
|
| 300 |
_a12 páginas _b: ilustraciones a color _c; 17 centímetros |
||
| 336 |
_atexto _btxt _crdacontenido |
||
| 337 |
_asin mediación _bn _2rdamedio |
||
| 338 |
_avolumen _bnc _2rdasoporte |
||
| 490 | _aPlan Nacional de Lectura, Escritura y Oralidad / Ministerio de las Culturas, Las Artes y los Saberes. | ||
| 520 | _aAlgunas veces, incluso nuestros mejores amigos piensan diferente. Otras veces para nuestra sorpresa los peores momentos terminan siendo los mejores. Una divertida historia en blanco y negro, con un simpático toque de color. | ||
| 521 | _aRecomendado para 0 a 7 años. | ||
| 650 | 1 | 4 |
_2LEMB _aÁlbumes infantiles Argentinos _ySiglo XX |
| 650 | 1 | 4 |
_2LEMB _aLiteratura Infantil Argentina |
| 650 | 1 | 4 |
_2LEMB _aAmistad en la literatura |
| 942 |
_2ddc _cBKINF |
||
| 999 |
_c17824 _d17824 |
||